00345nam a2200145Ia 4500003000500000008004100005020001800046040001900064082000700083100002000090245003500110260003300145300000900178546001200187STCL181203s9999 xx 000 0 und d a9780070495432 aSTCLbENcSTCL 222 aSchildt,Herbert 0aJava 2: The Complete Reference bMcGraw HillaNew Delhic2012 a1154 aEnglish